[Event "Florianopolis op 6th"]
[Site "Florianopolis"]
[Date "2020.01.21"]
[Round "2"]
[White "Cardoso, Cicero Assuncao Jr"]
[Black "Lima, Vinicius Taishun"]
[Result "1/2-1/2"]
[WhiteElo "1920"]
[BlackElo "1658"]
[PlyCount "90"]
[EventDate "2020.01.20"]
[EventType "swiss"]
[EventRounds "10"]
[EventCountry "BRA"]
[SourceTitle "CBM 194 Extra"]
[Source "ChessBase"]
[SourceDate "2020.03.31"]
[SourceVersion "1"]
[SourceVersionDate "2020.03.31"]
[SourceQuality "1"]

1. d4 d5 2. Nf3 c6 3. c4 f5 4. cxd5 cxd5 5. Nc3 e6 6. g3 Nf6 7. Bg2 Be7 8. 0-0 0-0 9. Bg5 h6 10. Bxf6 Bxf6 11. e3 Nc6 12. Rb1 Bd7 13. Na4 Rc8 14. b4 b6 15. a3 Qe8 16. Nb2 Nd8 17. Re1 Nb7 18. Bf1 Nd6 19. Qb3 Bb5 20. Bxb5 Nxb5 21. Rbc1 Qd7 22. a4 Nd6 23. b5 Rxc1 24. Rxc1 Rc8 25. Rc2 Kh7 26. Nd3 Nc4 27. Nb4 Na5 28. Qd3 Rc4 29. Rxc4 Nxc4 30. Nc6 Kg8 31. Kg2 Qc7 32. Qb3 Kh7 33. h3 Kg8 34. Qd3 Qd7 35. Nfe5 Bxe5 36. dxe5 Qc7 37. f4 Qd7 38. g4 g6 39. Kg3 Qc7 40. h4 Qf7 41. g5 h5 42. Kf2 Qc7 43. Qc3 Kg7 44. Ke2 Kg8 45. Qb4 Kf7 1/2-1/2

[Event "Brasilia Brasiliense-ch"]
[Site "Brasilia"]
[Date "2019.10.26"]
[Round "8"]
[White "Cardoso, Cicero Assuncao Jr"]
[Black "Navarro, Luis Flavio Cunha"]
[Result "1/2-1/2"]
[WhiteElo "1914"]
[BlackElo "1974"]
[PlyCount "43"]
[EventDate "2019.10.17"]
[EventType "tourn"]
[EventRounds "11"]
[EventCountry "BRA"]
[SourceTitle "CBM 192 Extra"]
[Source "Chessbase"]
[SourceDate "2019.11.06"]
[SourceVersion "1"]
[SourceVersionDate "2019.11.06"]
[SourceQuality "1"]

1. d4 Nf6 2. Bf4 g6 3. h3 Bg7 4. e3 d6 5. Nf3 0-0 6. Be2 b6 7. 0-0 Bb7 8. c4 Ne4 9. Nfd2 Nd7 10. Nxe4 Bxe4 11. Nc3 Bb7 12. Bf3 Qc8 13. Bxb7 Qxb7 14. f3 e5 15. Bg3 Rfe8 16. Rb1 exd4 17. exd4 Re6 18. Qd3 Rae8 19. Rbe1 Qc8 20. Rxe6 Rxe6 21. Re1 Nf6 22. d5 1/2-1/2

[Event "Brasilia Brasiliense-ch"]
[Site "Brasilia"]
[Date "2019.10.19"]
[Round "4"]
[White "Felix, Raimundo Nascimento"]
[Black "Cardoso, Cicero Assuncao Jr"]
[Result "1-0"]
[WhiteElo "1975"]
[BlackElo "1914"]
[PlyCount "93"]
[EventDate "2019.10.17"]
[EventType "tourn"]
[EventRounds "11"]
[EventCountry "BRA"]
[SourceTitle "CBM 192 Extra"]
[Source "Chessbase"]
[SourceDate "2019.11.06"]
[SourceVersion "1"]
[SourceVersionDate "2019.11.06"]
[SourceQuality "1"]

1. e4 c5 2. Nf3 Nc6 3. Bb5 d6 4. Bxc6+ bxc6 5. d3 g6 6. c4 Bg4 7. h3 Bxf3 8. Qxf3 Bg7 9. 0-0 Qc7 10. Nc3 e6 11. Bf4 e5 12. Bg5 Ne7 13. Ne2 0-0 14. g4 h6 15. Bd2 Qd7 16. Ng3 d5 17. Bc3 Rab8 18. b3 d4 19. Bd2 Kh7 20. Kg2 f5 21. exf5 gxf5 22. gxf5 Kh8 23. Qh5 Nxf5 24. Ne4 Qf7 25. Qxf7 Rxf7 26. Nxc5 Rg8 27. Kh1 Nh4 28. f4 exf4 29. Rxf4 Rxf4 30. Bxf4 Ng6 31. Bg3 Rf8 32. Re1 Rf3 33. Kg2 Rf7 34. Re4 Re7 35. Re6 Rxe6 36. Nxe6 Nf8 37. Nxg7 Kxg7 38. Be5+ Kf7 39. Bxd4 a6 40. Be3 h5 41. Kf3 Ng6 42. Ke4 Ke6 43. d4 Ne7 44. Bg5 Nc8 45. d5+ Kd7 46. c5 cxd5+ 47. Kxd5 1-0

[Event "Recife Arraes Memorial 4th"]
[Site "Recife"]
[Date "2011.06.05"]
[Round "7"]
[White "Cardoso, Cicero Assuncao Jr"]
[Black "Segal, Alexandru Sorin"]
[Result "1/2-1/2"]
[WhiteElo "1902"]
[BlackElo "2168"]
[PlyCount "55"]
[EventDate "2011.06.02"]
[EventType "swiss"]
[EventRounds "7"]
[EventCountry "BRA"]
[SourceTitle "EXT 2012"]
[Source "ChessBase"]
[SourceDate "2011.11.24"]
[SourceVersion "1"]
[SourceVersionDate "2011.11.24"]
[SourceQuality "1"]

1. Nf3 Nf6 2. b3 g6 3. Bb2 Bg7 4. g3 0-0 5. Bg2 c5 6. c4 d5 7. cxd5 Nxd5 8. Bxg7 Kxg7 9. 0-0 Nc6 10. Nc3 Nxc3 11. dxc3 f6 12. Qc1 Qc7 13. Qe3 b6 14. b4 Nd8 15. bxc5 bxc5 16. Ng5 Rb8 17. Ne4 Ne6 18. Bh3 f5 19. Ng5 Nxg5 20. Qxg5 Bb7 21. Qc1 Qc6 22. f3 Rbd8 23. Bg2 Rd7 24. Qc2 Rfd8 25. Rad1 Rxd1 26. Rxd1 Rxd1+ 27. Qxd1 Qd5 28. Qc2 1/2-1/2

[Event "Recife Arraes Memorial 4th"]
[Site "Recife"]
[Date "2011.06.05"]
[Round "6"]
[White "Rodrigues, Flavio Leite"]
[Black "Cardoso, Cicero Assuncao Jr"]
[Result "0-1"]
[WhiteElo "1902"]
[BlackElo "1902"]
[PlyCount "56"]
[EventDate "2011.06.02"]
[EventType "swiss"]
[EventRounds "7"]
[EventCountry "BRA"]
[SourceTitle "EXT 2012"]
[Source "ChessBase"]
[SourceDate "2011.11.24"]
[SourceVersion "1"]
[SourceVersionDate "2011.11.24"]
[SourceQuality "1"]

1. d4 Nf6 2. Nf3 b6 3. c4 Bb7 4. e3 g6 5. Nc3 Bg7 6. Bd3 0-0 7. 0-0 d5 8. Qe2 Nbd7 9. cxd5 Nxd5 10. Bc4 Nxc3 11. bxc3 c5 12. Ba3 cxd4 13. cxd4 Re8 14. Rac1 a6 15. Rc2 b5 16. Bd3 e5 17. Nxe5 Nxe5 18. dxe5 Bxe5 19. Bb2 Bd6 20. Rd1 Qe7 21. Bd4 Rad8 22. Bb6 Rd7 23. Ba5 Qg5 24. g3 h5 25. f4 Qd5 26. Bb6 Qh1+ 27. Kf2 Qxh2+ 28. Kf1 Qh3+ 0-1

[Event "Sao Paulo Braga op"]
[Site "Sao Paulo"]
[Date "2011.04.24"]
[Round "8.42"]
[White "Goncalves, Jorge Roberto"]
[Black "Cardoso, Cicero Assuncao Jr"]
[Result "1-0"]
[WhiteElo "2092"]
[BlackElo "1877"]
[PlyCount "53"]
[EventDate "2011.04.20"]
[EventType "swiss"]
[EventRounds "9"]
[EventCountry "BRA"]
[SourceTitle "EXT 2022"]
[Source "ChessBase"]
[SourceDate "2021.10.06"]
[SourceVersion "1"]
[SourceVersionDate "2021.10.06"]
[SourceQuality "1"]

1. d4 Nf6 2. c4 b6 3. Nf3 Bb7 4. Nc3 g6 5. e3 Bg7 6. Bd3 0-0 7. 0-0 d6 8. b3 c5 9. Bb2 cxd4 10. exd4 Nc6 11. Re1 Nd7 12. Be4 Nf6 13. Qe2 Nxe4 14. Nxe4 e6 15. Rad1 Re8 16. d5 exd5 17. cxd5 Ne5 18. Nxe5 Bxe5 19. f4 Bg7 20. Bxg7 Kxg7 21. Qb2+ Kh6 22. g4 f6 23. g5+ Kg7 24. gxf6+ Kf7 25. Ng5+ Kf8 26. f7 Qxg5+ 27. fxg5 1-0

[Event "Sao Paulo Braga op"]
[Site "Sao Paulo"]
[Date "2011.04.23"]
[Round "7"]
[White "Cardoso, Cicero Assuncao Jr"]
[Black "Kleine, Bruna Fernanda"]
[Result "1-0"]
[WhiteElo "2345"]
[BlackElo "1910"]
[PlyCount "141"]
[EventDate "2011.04.20"]
[EventType "swiss"]
[EventRounds "9"]
[EventCountry "BRA"]
[SourceTitle "EXT 2022"]
[Source "ChessBase"]
[SourceDate "2021.10.06"]
[SourceVersion "1"]
[SourceVersionDate "2021.10.06"]
[SourceQuality "1"]

1. Nf3 d5 2. b3 e6 3. Bb2 Nf6 4. g3 c5 5. Bg2 Nc6 6. 0-0 Bd6 7. e3 0-0 8. c4 Qc7 9. cxd5 Nxd5 10. e4 Nf6 11. Bxf6 gxf6 12. Nc3 Bd7 13. Nb5 Qb8 14. Nxd6 Qxd6 15. Qe2 Kh8 16. Rac1 Rac8 17. Rfe1 Nb4 18. e5 Qd3 19. a3 Qxe2 20. Rxe2 Bb5 21. Re3 Nd3 22. Rc3 Nxe5 23. Nxe5 fxe5 24. Rxe5 b6 25. b4 Rfd8 26. Bf1 Bxf1 27. Kxf1 cxb4 28. Rxc8 Rxc8 29. axb4 Kg7 30. Ke2 Kf6 31. f4 a6 32. Re3 Rc4 33. Ra3 Rxb4 34. Rxa6 h5 35. Ra8 Kg7 36. Ke3 Rb1 37. Ra3 b5 38. Kd3 b4 39. Ra5 Kg6 40. Rg5+ Kh6 41. Kc2 Rh1 42. h4 Rh2 43. Rb5 Rg2 44. f5 exf5 45. Rxf5 b3+ 46. Kxb3 Rxg3+ 47. Kc2 Kg6 48. Rf2 Rg4 49. Rh2 f5 50. Kd3 Rg3+ 51. Ke2 f4 52. Kf2 Kf5 53. Rg2 Kg4 54. Rh2 Rf3+ 55. Ke2 Kg3 56. Rh3+ Kxh3 57. Kxf3 Kxh4 58. Kxf4 Kh3 59. d4 h4 60. d5 Kg2 61. d6 h3 62. d7 h2 63. d8Q h1Q 64. Qd2+ Kf1 65. Qd3+ Kg1 66. Qe3+ Kf1 67. Qd3+ Kg1 68. Qd1+ Kg2 69. Qe2+ Kg1 70. Kg3 Qf3+ 71. Kxf3 1-0

[Event "Brasilia Valadares Memorial"]
[Site "Brasilia"]
[Date "2011.02.20"]
[Round "2.8"]
[White "Cardoso, Cicero Assuncao Jr"]
[Black "Valente, Fernando Cesar"]
[Result "1-0"]
[WhiteElo "1922"]
[BlackElo "1628"]
[PlyCount "77"]
[EventDate "2011.02.20"]
[EventType "swiss"]
[EventRounds "7"]
[EventCountry "BRA"]
[SourceTitle "EXT 2022"]
[Source "ChessBase"]
[SourceDate "2021.10.06"]
[SourceVersion "1"]
[SourceVersionDate "2021.10.06"]
[SourceQuality "1"]

1. Nf3 d6 2. b3 e5 3. d3 f5 4. Bb2 Nf6 5. g3 Be7 6. Bg2 0-0 7. Nc3 c6 8. e3 Qe8 9. Qe2 h6 10. Nd2 Be6 11. f4 exf4 12. exf4 Bf7 13. 0-0-0 Bh5 14. Bf3 Bxf3 15. Nxf3 Qf7 16. Rde1 Re8 17. Qg2 Nbd7 18. Nd4 Qg6 19. Re2 Bf8 20. Rhe1 Rxe2 21. Rxe2 Re8 22. Kd2 d5 23. Nd1 c5 24. Rxe8 Qxe8 25. Nxf5 b5 26. Nde3 d4 27. Nd5 Qe6 28. Nxf6+ Nxf6 29. g4 g6 30. Kd1 Kh7 31. Nxh6 Bxh6 32. g5 Bxg5 33. fxg5 Qg4+ 34. Qxg4 Nxg4 35. c3 dxc3 36. Bxc3 Nxh2 37. Ke2 b4 38. Be5 Ng4 39. Bf4 1-0

[Event "Brasilia Valadares Memorial"]
[Site "Brasilia"]
[Date "2011.02.20"]
[Round "6.6"]
[White "Rabelo, Felipe Botelho"]
[Black "Cardoso, Cicero Assuncao Jr"]
[Result "1-0"]
[WhiteElo "1964"]
[BlackElo "1877"]
[PlyCount "95"]
[EventDate "2011.02.20"]
[EventType "swiss"]
[EventRounds "7"]
[EventCountry "BRA"]
[SourceTitle "EXT 2022"]
[Source "ChessBase"]
[SourceDate "2021.10.06"]
[SourceVersion "1"]
[SourceVersionDate "2021.10.06"]
[SourceQuality "1"]

1. e4 c5 2. Nf3 e6 3. d4 cxd4 4. Nxd4 a6 5. Nc3 b5 6. Bd3 Bb7 7. 0-0 Qc7 8. Be3 Nf6 9. f4 b4 10. e5 Nd5 11. Nxd5 Bxd5 12. Qg4 g6 13. Rae1 Nc6 14. c4 bxc3 15. bxc3 h5 16. Qg3 Ne7 17. c4 Bb7 18. Qg5 Nf5 19. Bxf5 Be7 20. Qg3 gxf5 21. Re2 0-0-0 22. Rb1 Rdg8 23. Qe1 Bc5 24. Reb2 Rxg2+ 25. Rxg2 Bxg2 26. Kxg2 Bxd4 27. Bxd4 Qc6+ 28. Kf2 Rg8 29. Qh1 Qxh1 30. Rxh1 h4 31. Rg1 Rh8 32. Rg7 Kc7 33. Bc5 Kc6 34. Bd6 h3 35. Kg3 a5 36. Rxf7 Rg8+ 37. Kxh3 Rg4 38. Rf8 Rxf4 39. Ra8 Kb6 40. c5+ Kb5 41. Ra7 Ra4 42. Rxd7 Rxa2 43. Rb7+ Kc6 44. Rb6+ Kd5 45. c6 Rc2 46. c7 Rc3+ 47. Kh4 Rc4+ 48. Kg5 1-0

[Event "Brasilia IRT de Natal"]
[Site "Brasilia"]
[Date "2010.12.12"]
[Round "4.4"]
[White "Cardoso, Cicero Assuncao Jr"]
[Black "Reis, Ernesto Guevara"]
[Result "1/2-1/2"]
[WhiteElo "1887"]
[BlackElo "1940"]
[PlyCount "42"]
[EventDate "2010.12.06"]
[EventType "tourn"]
[EventRounds "8"]
[EventCountry "BRA"]
[SourceTitle "EXT 2022"]
[Source "ChessBase"]
[SourceDate "2021.10.06"]
[SourceVersion "1"]
[SourceVersionDate "2021.10.06"]
[SourceQuality "1"]

1. Nf3 f5 2. g3 Nc6 3. c4 e5 4. b3 e4 5. Nh4 d5 6. cxd5 Qxd5 7. Nc3 Qf7 8. Ng2 Bd7 9. e3 0-0-0 10. Bc4 Be6 11. Qe2 Ne5 12. Bxe6+ Qxe6 13. 0-0 Nf3+ 14. Kh1 g5 15. Ne1 g4 16. Nxf3 gxf3 17. Qc4 Qxc4 18. bxc4 h5 19. h4 Nf6 20. a4 Rd3 21. Rd1 Bb4 1/2-1/2

[Event "Brasilia IRT de Natal"]
[Site "Brasilia"]
[Date "2010.12.08"]
[Round "3.1"]
[White "Cavalcante, Rodrigo Moreira"]
[Black "Cardoso, Cicero Assuncao Jr"]
[Result "0-1"]
[WhiteElo "1941"]
[BlackElo "1887"]
[PlyCount "70"]
[EventDate "2010.12.06"]
[EventType "tourn"]
[EventRounds "8"]
[EventCountry "BRA"]
[SourceTitle "EXT 2022"]
[Source "ChessBase"]
[SourceDate "2021.10.06"]
[SourceVersion "1"]
[SourceVersionDate "2021.10.06"]
[SourceQuality "1"]

1. e4 c5 2. Nf3 e6 3. d4 cxd4 4. Nxd4 a6 5. Bd3 b5 6. 0-0 Bb7 7. a3 Ne7 8. Nc3 Ng6 9. Be3 Be7 10. f4 0-0 11. Qh5 Nc6 12. Rf3 Nxd4 13. Bxd4 Bf6 14. Bxf6 Qxf6 15. e5 Bxf3 16. gxf3 Qxf4 17. Re1 f5 18. exf6 Rxf6 19. Re4 Qxf3 20. Qxf3 Rxf3 21. Rd4 d5 22. a4 Rf4 23. Rxf4 Nxf4 24. Bf1 b4 25. Ne2 Nxe2+ 26. Bxe2 a5 27. Kf2 Kf7 28. Bd3 g6 29. Ke3 e5 30. Bb5 Rc8 31. Kd2 Kf6 32. c3 bxc3+ 33. bxc3 e4 34. Be2 Ke5 35. Bd1 Rf8 0-1

[Event "Sao Paulo op"]
[Site "Sao Paulo"]
[Date "2010.11.27"]
[Round "3"]
[White "Pires, Marcos Vinicius Tor"]
[Black "Cardoso, Cicero Assuncao Jr"]
[Result "0-1"]
[WhiteElo "2121"]
[BlackElo "1887"]
[PlyCount "105"]
[EventDate "2010.11.26"]
[EventType "swiss"]
[EventRounds "6"]
[EventCountry "BRA"]
[SourceTitle "EXT 2012"]
[Source "ChessBase"]
[SourceDate "2011.11.24"]
[SourceVersion "1"]
[SourceVersionDate "2011.11.24"]
[SourceQuality "1"]

1. d4 Nf6 2. c4 g6 3. Nc3 Bg7 4. e4 d6 5. Be2 Nbd7 6. Nf3 0-0 7. 0-0 e5 8. d5 Nc5 9. Qc2 a5 10. Bg5 h6 11. Bh4 g5 12. Bg3 Nh5 13. Nd2 Nf4 14. b3 Nxe2+ 15. Nxe2 f5 16. f3 Bd7 17. a3 b5 18. b4 axb4 19. axb4 Rxa1 20. Rxa1 Na4 21. cxb5 Bxb5 22. Rxa4 Bxa4 23. Qxa4 f4 24. Bf2 Qb8 25. Nc4 Qa8 26. Qa5 Qb7 27. Qa4 Ra8 28. Na5 Qa6 29. Qc6 Qc8 30. Nc3 Ra6 31. Qc4 Ra8 32. Nb5 g4 33. Nxc7 Rb8 34. Na6 Qxc4 35. Nxc4 Rc8 36. Nd2 Rc1+ 37. Nf1 gxf3 38. gxf3 Rb1 39. Bb6 Bf6 40. Ba5 Kf8 41. Nc7 Ke7 42. Kg2 Rb2+ 43. Kg1 Kd7 44. Nb5 Bh4 45. Na3 Be1 46. Nc4 Ra2 47. h3 Rc2 48. Nb6+ Ke7 49. Na4 Ra2 50. Nb6 h5 51. Nc8+ Kd7 52. Na7 Bf2+ 53. Kh1 0-1

[Event "Brazil Xadrez Brasil op"]
[Site "Brazil"]
[Date "2010.11.15"]
[Round "7"]
[White "Figueiredo, Wagner Primo Jr"]
[Black "Cardoso, Cicero Assuncao Jr"]
[Result "1/2-1/2"]
[WhiteElo "1588"]
[BlackElo "1887"]
[PlyCount "22"]
[EventDate "2010.11.12"]
[EventType "swiss"]
[EventRounds "7"]
[EventCountry "BRA"]
[SourceTitle "EXT 2013"]
[Source "ChessBase"]
[SourceDate "2012.11.22"]
[SourceVersion "1"]
[SourceVersionDate "2012.11.22"]
[SourceQuality "1"]

1. e4 c5 2. Nf3 e6 3. c4 b6 4. d4 cxd4 5. Nxd4 a6 6. g3 Bb7 7. Bg2 Qf6 8. 0-0 Nc6 9. Nf3 Bc5 10. Nc3 Ne5 11. Nxe5 Qxe5 1/2-1/2

[Event "Brazil Xadrez Brasil op"]
[Site "Brazil"]
[Date "2010.11.14"]
[Round "4"]
[White "Cardoso, Cicero Assuncao Jr"]
[Black "Cunha, Lucas Aguiar"]
[Result "0-1"]
[WhiteElo "1887"]
[BlackElo "2088"]
[PlyCount "92"]
[EventDate "2010.11.12"]
[EventType "swiss"]
[EventRounds "7"]
[EventCountry "BRA"]
[SourceTitle "EXT 2013"]
[Source "ChessBase"]
[SourceDate "2012.11.22"]
[SourceVersion "1"]
[SourceVersionDate "2012.11.22"]
[SourceQuality "1"]

1. Nf3 b5 2. b3 Bb7 3. g3 f5 4. Bg2 Nf6 5. Bb2 e6 6. a4 b4 7. c3 Na6 8. cxb4 Bxb4 9. 0-0 0-0 10. Nc3 Rb8 11. Na2 Be7 12. Bc3 Bd5 13. Rb1 Nc5 14. Nc1 Nxa4 15. Qc2 Be4 16. d3 Nxc3 17. Qxc3 Bc6 18. Ra1 Nd5 19. Qa5 Bb4 20. Qa6 Qf6 21. Na2 Bb5 22. Qxa7 Be7 23. Qd4 Qh6 24. Rac1 Bf6 25. Qc5 d6 26. Qc2 c5 27. Rfe1 Nb4 28. Nxb4 cxb4 29. d4 g5 30. Qd2 Qg7 31. Qe3 Rbe8 32. Red1 g4 33. Ne1 Bg5 34. f4 gxf3 35. Qxf3 Bxc1 36. Rxc1 Qxd4+ 37. e3 Qd2 38. Rd1 Qc3 39. e4 Qxf3 40. Nxf3 fxe4 41. Ng5 d5 42. Bh3 e3 43. Nxe6 e2 44. Re1 Rxe6 45. Bxe6+ Kg7 46. Rxe2 Bxe2 0-1

[Event "Goiania op"]
[Site "Goiania"]
[Date "2010.09.25"]
[Round "4"]
[White "Wilhelms, Diego Lima"]
[Black "Cardoso, Cicero Assuncao Jr"]
[Result "1-0"]
[WhiteElo "2149"]
[BlackElo "1895"]
[PlyCount "87"]
[EventDate "2010.09.24"]
[EventType "swiss"]
[EventRounds "6"]
[EventCountry "BRA"]
[SourceTitle "EXT 2012"]
[Source "ChessBase"]
[SourceDate "2011.11.24"]
[SourceVersion "1"]
[SourceVersionDate "2011.11.24"]
[SourceQuality "1"]

1. d4 Nf6 2. c4 g6 3. Nc3 Bg7 4. e4 d6 5. Nf3 0-0 6. Be2 Nbd7 7. 0-0 c5 8. e5 dxe5 9. dxe5 Ng4 10. e6 Nde5 11. exf7+ Nxf7 12. h3 Nf6 13. Bf4 Bf5 14. Qb3 Qc8 15. Rfe1 Bxh3 16. gxh3 Qxh3 17. Bg3 Nh5 18. Bf1 Qg4 19. Nh2 Qf5 20. Nd5 Kh8 21. Nxe7 Qg5 22. Bg2 Nxg3 23. Qxg3 Qxg3 24. fxg3 Bxb2 25. Rab1 Bd4+ 26. Kh1 Ne5 27. Rxb7 Rae8 28. Bd5 Nd3 29. Rf1 Rxf1+ 30. Nxf1 Rf8 31. Nd2 a5 32. Nf3 Bf6 33. Nc6 g5 34. g4 h6 35. Kg2 Bc3 36. Ne7 Nf4+ 37. Kf1 Bf6 38. Nf5 h5 39. Nh6 Nxd5 40. cxd5 hxg4 41. Nxg4 Bc3 42. Ke2 Rd8 43. Kd3 Bb4 44. Nf6 1-0

[Event "Brasiliense sf 03"]
[Site "Brazil"]
[Date "2010.07.21"]
[Round "6"]
[White "Cardoso, Cicero Assuncao Jr"]
[Black "Uchoa, Valdir"]
[Result "0-1"]
[WhiteElo "1881"]
[BlackElo "1958"]
[PlyCount "50"]
[EventDate "2010.07.13"]
[EventType "swiss"]
[EventRounds "7"]
[EventCountry "BRA"]
[SourceTitle "EXT 2012"]
[Source "ChessBase"]
[SourceDate "2011.11.24"]
[SourceVersion "1"]
[SourceVersionDate "2011.11.24"]
[SourceQuality "1"]

1. Nf3 Nf6 2. c4 e6 3. b3 c5 4. g3 b6 5. Bg2 Bb7 6. 0-0 Be7 7. Bb2 0-0 8. d4 cxd4 9. Qxd4 Nc6 10. Qd3 d5 11. cxd5 Nb4 12. Qd2 Nbxd5 13. a3 Ne4 14. Qc2 Bf6 15. Bxf6 Nexf6 16. e4 Rc8 17. Qd2 Nxe4 18. Qe2 Nc5 19. Qc2 Qf6 20. Nbd2 Ba6 21. Nc4 Nxb3 22. Qxb3 Bxc4 23. Qa4 Bxf1 24. Rxf1 Rc7 25. h4 h6 0-1

[Event "Brasiliense sf 03"]
[Site "Brazil"]
[Date "2010.07.14"]
[Round "2"]
[White "Cardoso, Cicero Assuncao Jr"]
[Black "Martins, Vilker Germano"]
[Result "1-0"]
[WhiteElo "1881"]
[BlackElo "1934"]
[PlyCount "131"]
[EventDate "2010.07.13"]
[EventType "swiss"]
[EventRounds "7"]
[EventCountry "BRA"]
[SourceTitle "EXT 2012"]
[Source "ChessBase"]
[SourceDate "2011.11.24"]
[SourceVersion "1"]
[SourceVersionDate "2011.11.24"]
[SourceQuality "1"]

1. Nf3 g6 2. c4 Bg7 3. g3 d6 4. Bg2 Nf6 5. Nc3 0-0 6. 0-0 c5 7. d4 Bd7 8. dxc5 dxc5 9. Ne5 Nc6 10. Nxd7 Nxd7 11. Be3 Nd4 12. Rc1 Rb8 13. Qd2 Nf5 14. Rfd1 Nxe3 15. Qxe3 Qe8 16. b3 a6 17. Na4 Bd4 18. Qd2 b5 19. cxb5 axb5 20. Nxc5 Bxc5 21. Qxd7 Bd6 22. Qg4 Rc8 23. b4 h5 24. Qd4 Qd7 25. a3 Qe6 26. e3 Be5 27. Qd3 Qa6 28. Qb3 Rc4 29. Bd5 Rxc1 30. Rxc1 e6 31. Bf3 Rc8 32. Rc5 Bd6 33. Rxc8+ Qxc8 34. Be2 Qa6 35. f4 Be7 36. Qc3 Qb6 37. Bf3 f6 38. Be4 Kf7 39. Qd3 f5 40. Bf3 Qa7 41. Be2 Qa8 42. Bd1 Qa7 43. Bb3 Bf6 44. Kf2 Bb2 45. Qxb5 Bxa3 46. Qc4 Qe7 47. b5 Bc5 48. h4 Qd6 49. Qe2 Qb6 50. Bc4 Ke7 51. Qd3 Qb7 52. Qc3 Kf7 53. Bxe6+ Kxe6 54. Qxc5 Qd7 55. Qe5+ Kf7 56. Qb2 Qd5 57. b6 Qh1 58. Qb3+ Ke7 59. b7 Qh2+ 60. Kf1 Qh1+ 61. Ke2 Qg2+ 62. Kd3 Qf1+ 63. Kc3 Qc1+ 64. Kb4 Qc7 65. Ka3 Kd6 66. b8Q 1-0

[Event "Brasilia-ch sf2 50th"]
[Site "Brasilia"]
[Date "2010.06.27"]
[Round "6"]
[White "Cardoso, Cicero Assuncao Jr"]
[Black "Bueno, Paulo Mello"]
[Result "1-0"]
[WhiteElo "1884"]
[BlackElo "1911"]
[PlyCount "27"]
[EventDate "2010.06.19"]
[EventType "swiss"]
[EventRounds "7"]
[EventCountry "BRA"]
[SourceTitle "EXT 2012"]
[Source "ChessBase"]
[SourceDate "2011.11.24"]
[SourceVersion "1"]
[SourceVersionDate "2011.11.24"]
[SourceQuality "1"]

1. d4 d5 2. Nf3 Bf5 3. c4 c6 4. Nc3 h6 5. cxd5 cxd5 6. Qb3 e6 7. Qxb7 Nd7 8. e3 a6 9. Bxa6 Rb8 10. Qc6 Ne7 11. Qa4 Ra8 12. Ne5 Nc8 13. Qxd7+ Qxd7 14. Bb5 1-0

[Event "Brasilia-ch sf2 50th"]
[Site "Brasilia"]
[Date "2010.06.19"]
[Round "2"]
[White "Cardoso, Cicero Assuncao Jr"]
[Black "Barbalho, Gilsivan Silva"]
[Result "1-0"]
[WhiteElo "1884"]
[BlackElo "1651"]
[PlyCount "59"]
[EventDate "2010.06.19"]
[EventType "swiss"]
[EventRounds "7"]
[EventCountry "BRA"]
[SourceTitle "EXT 2012"]
[Source "ChessBase"]
[SourceDate "2011.11.24"]
[SourceVersion "1"]
[SourceVersionDate "2011.11.24"]
[SourceQuality "1"]

1. Nf3 c5 2. c4 d6 3. g3 Bd7 4. Bg2 Nc6 5. Nc3 e6 6. 0-0 Nf6 7. d4 Be7 8. dxc5 dxc5 9. Bf4 a6 10. a3 Qb6 11. Qc2 0-0 12. Rad1 Rad8 13. Na4 Qa7 14. Bc7 Rc8 15. Bb6 Qa8 16. Nxc5 Bxc5 17. Bxc5 Rfe8 18. b4 Na7 19. Bd4 Nd5 20. Ng5 g6 21. Ba1 f6 22. Qb2 Rxc4 23. Bxd5 Qd8 24. Bxc4 Qe7 25. Ne4 Qg7 26. Nxf6+ Kf7 27. Rxd7+ Re7 28. Qd4 Nc6 29. Rxe7+ Nxe7 30. Qd7 1-0